Emil (Record no. 135859)

MARC details
000 -LEADER
campo de control de longitud fija 00600nam a2200181 4500
001 - NÚMERO DE CONTROL
campo de control 135859
003 - IDENTIFICADOR DE NÚMERO DE CONTROL
campo de control ES-MaACL
005 - FECHA Y HORA DE LA ÚLTIMA TRANSACCIÓN
campo de control 20251221204114.0
007 - CAMPO FIJO DE DESCRIPCIÓN FÍSICA--INFORMACIÓN GENERAL
campo de control de longitud fija t|
008 - DATOS DE LONGITUD FIJA--INFORMACIÓN GENERAL
campo de control de longitud fija 070214s1911 gw r ||||1| ger d
100 1# - ENTRADA PRINCIPAL--NOMBRE DE PERSONA
Nombre de persona Rousseau, Jean-Jacques.
9 (RLIN) 100055
245 10 - MENCIÓN DEL TÍTULO
Título Emil
Resto del título : oder uber die erziehung /
Mención de responsabilidad, etc. Jean-Jacques Rousseau ; übersetzt mit biographie un komentar von E. von Sallwürk.
260 ## - PUBLICACIÓN, DISTRIBUCIÓN, ETC.
Lugar de publicación, distribución, etc. Langensalza (Alemania) :
Nombre del editor, distribuidor, etc. Hermann Beyer,
Fecha de publicación, distribución, etc. 1911.
300 ## - DESCRIPCIÓN FÍSICA
Extensión 1 v. ;
Dimensiones 22 cm.
700 1# - ENTRADA AGREGADA--NOMBRE PERSONAL
Nombre de persona Sallwürk, Ernst von,
Fechas asociadas al nombre 1839-1926
9 (RLIN) 132340
852 ## - LOCALIZACIÓN
Ubicación ES-MaACL
Número de control de estantería G-15165
Holdings
Estatus retirado Estado de pérdida Estado de daño No para préstamo Biblioteca de origen Biblioteca actual Ubicación en estantería Fecha de adquisición Fuente de adquisición Total de préstamos Signatura topográfica completa Código de barras Visto por última vez Precio de reemplazo Tipo de ítem Koha
        Biblioteca del Ateneo de Madrid Biblioteca del Ateneo de Madrid Sala Pecera Planta 3 17/01/2008     G-15165 1141400 23/02/2023 23/02/2023 Libro impreso